Ireland Rugby - Top Points Scorers - Statistics

General Stats
  • This quiz has been taken 234 times
  • The average score is 4 of 7
Answer Stats
Points Years Active Player % Correct
1083 2000-2013 Ronan O'Gara
97%
245 1999-2014 Brian O'Driscoll
86%
791 2009-2019 Jonny Sexton
79%
560 1996-2005 David Humphreys
58%
217 1976-1984 Ollie Campbell
28%
296 1993-1999 Eric Elwood
22%
308 1982-1991 Michael Kiernan
17%
No matching quizzes found
Score Distribution
Percent of People with Each Score
Percentile by Number Answered
Your Score History
You have not taken this quiz